Loading...
| Fine Arts - Classical Music and Opera | 5 | 14.00 | 80% | 40% | 20% |
| Fine Arts - Other Arts | 8 | 18.75 | 100% | 75% | 13% |
| Fine Arts - Painting and Sculpture | 7 | 14.29 | 86% | 57% | 0% |
| Geography | 3 | 16.67 | 100% | 67% | 0% |
| History - American History | 5 | 12.00 | 100% | 20% | 0% |
| History - European History | 5 | 10.00 | 100% | 0% | 0% |
| History - Other History | 5 | 18.00 | 100% | 60% | 20% |
| History - World History | 4 | 12.50 | 100% | 25% | 0% |
| Literature - American Literature | 9 | 11.11 | 89% | 22% | 0% |
| Literature - British Literature | 6 | 18.33 | 100% | 67% | 17% |
| Literature - European Literature | 7 | 12.86 | 100% | 29% | 0% |
| Literature - World Literature | 8 | 16.25 | 100% | 50% | 13% |
| Modern World | 2 | 15.00 | 100% | 50% | 0% |
| Mythology | 4 | 15.00 | 100% | 50% | 0% |
| Other Academic | 5 | 12.00 | 80% | 40% | 0% |
| Other Culture | 1 | 10.00 | 100% | 0% | 0% |
| Other Science (Astronomy) | 2 | 10.00 | 100% | 0% | 0% |
| Other Science (Computer Science) | 2 | 5.00 | 0% | 50% | 0% |
| Other Science (Earth Science) | 1 | 0.00 | 0% | 0% | 0% |
| Other Science (Math) | 2 | 15.00 | 100% | 50% | 0% |
| Other Science (Mixed/Any) | 1 | 20.00 | 100% | 100% | 0% |
| Philosophy | 7 | 14.29 | 100% | 43% | 0% |
| Religion | 7 | 12.86 | 71% | 43% | 14% |
| Science - Biology | 8 | 10.00 | 88% | 13% | 0% |
| Science - Chemistry | 5 | 10.00 | 100% | 0% | 0% |
| Science - Physics | 2 | 15.00 | 100% | 50% | 0% |
| Social Science | 6 | 15.00 | 100% | 50% | 0% |